El régimen jurídico de las mutuas colaboradoras con la seguridad social (II) (Registro nro. 49421)
[ vista simple ]
| 000 -CABECERA | |
|---|---|
| Longitud fija campo de control | 01047naa a2200277 c 4500 |
| 001 - NÚMERO DE CONTROL | |
| Número de control | 49421 |
| 003 - IDENTIFICADOR DE NÚMERO DE CONTROL | |
| Identificador del número de control | ES-MaCES |
| 005 - FECHA Y HORA DE LA ÚLTIMA TRANSACCIÓN | |
| Fecha y hora de la última transacción | 20170517104022.0 |
| 008 - CAMPO FIJO DE DESCRIPCIÓN FIJA--INFORMACIÓN GENERAL | |
| Códigos de información de longitud fija | 170517s2017 sp ||||| t||||||| ||spa d |
| 040 ## - FUENTE DE CATALOGACIÓN | |
| Centro catalogador de origen | ES-MaCES |
| Lengua de catalogación | spa |
| Centro transcriptor | ES-MaCES |
| Centro modificado | ES-MaCES |
| 100 1# - ENCABEZAMIENTO PRINCIPAL--NOMBRE PERSONAL | |
| 9 (RLIN) | 36960 |
| Nombre de persona | Lozano Lares, Francisco |
| 245 13 - MENCIÓN DE TÍTULO | |
| Título | El régimen jurídico de las mutuas colaboradoras con la seguridad social (II) |
| Mención de responsabilidad, etc. | Francisco Lozano Lares |
| 500 ## - NOTA GENERAL | |
| Nota general | Resumen |
| 650 #4 - ASIENTO SECUNDARIO DE MATERIA--TÉRMINO DE MATERIA | |
| 9 (RLIN) | 28178 |
| Término de materia o nombre geográfico como elemento inicial | empresa |
| 650 #4 - ASIENTO SECUNDARIO DE MATERIA--TÉRMINO DE MATERIA | |
| 9 (RLIN) | 30256 |
| Término de materia o nombre geográfico como elemento inicial | mutualidad |
| 650 #4 - ASIENTO SECUNDARIO DE MATERIA--TÉRMINO DE MATERIA | |
| 9 (RLIN) | 28345 |
| Término de materia o nombre geográfico como elemento inicial | accidente de trabajo |
| 650 #4 - ASIENTO SECUNDARIO DE MATERIA--TÉRMINO DE MATERIA | |
| 9 (RLIN) | 30466 |
| Término de materia o nombre geográfico como elemento inicial | protección complementaria |
| 650 #4 - ASIENTO SECUNDARIO DE MATERIA--TÉRMINO DE MATERIA | |
| 9 (RLIN) | 27034 |
| Término de materia o nombre geográfico como elemento inicial | seguridad social |
| 650 #4 - ASIENTO SECUNDARIO DE MATERIA--TÉRMINO DE MATERIA | |
| 9 (RLIN) | 27165 |
| Término de materia o nombre geográfico como elemento inicial | derecho del trabajo |
| 650 #4 - ASIENTO SECUNDARIO DE MATERIA--TÉRMINO DE MATERIA | |
| 9 (RLIN) | 29855 |
| Término de materia o nombre geográfico como elemento inicial | legislación de seguridad social |
| 650 #4 - ASIENTO SECUNDARIO DE MATERIA--TÉRMINO DE MATERIA | |
| 9 (RLIN) | 29894 |
| Término de materia o nombre geográfico como elemento inicial | régimen jurídico |
| 653 10 - TÉRMINO DE INDEXACIÓN--NO CONTROLADO | |
| Término no controlado | Seguridad Social |
| 773 0# - ENTRADA DE DOCUMENTO FUENTE | |
| Itemnumber del ítem fuente | 85912 |
| Lugar, editor y fecha de publicación | Valladolid (Avda. Reyes Católicos, 11, 47008) Lex nova |
| Otro identificador del documento | 088810 |
| Título | Información laboral |
| Número de control del registro relacionado | (ES-MaCES)25782 |
| Parte(s) relacionada(s) | n. 1 (2017) {55/796 R. 088810} ;p. 61-102 |
| 902 ## - CES. TIPO DE DOCUMENTO | |
| Tipodoc (006$c Sirtex) | ART Artículo de revista |
| 942 ## - ELEMENTOS KOHA | |
| Fuente de clasificaión o esquema | Clasificación propia del CES |
| Koha [por defecto] tipo de item | Artículos (1982-2017) |
| Parte de clasificación | Seguridad social |
No hay ítems disponibles.
